000 00239nam a22001217a 4500
020 _a81-88682-04-7
082 _a001
_bTRE/F
245 _aFACT FINDER
260 _aDELHI
_bTREND SETTERS
300 _a64
650 _aGK
_zDELHI
942 _cBK
999 _c6184
_d6184